| 000 | 01750nam a2200397 a 4500 | ||
|---|---|---|---|
| 001 | 00003865 | ||
| 003 | DO-SdBNP | ||
| 005 | 20180306091105.0 | ||
| 007 | 00003865 | ||
| 008 | 110712s2014 dr ac 000 0 spa d | ||
| 020 | _a9789945495461 | ||
| 040 |
_aBPMSU _bspa _cBPMSU |
||
| 082 | 0 | 4 |
_a372.6561 _bR696L 6to. 2014 |
| 100 | 1 | _aRodríguez Rijo, Basilia | |
| 245 | 1 | 0 |
_aLengua española 6 : _beducación básica / _cBasilia Rodríguez Rijo, Olimpia Sánchez Rodríguez ; producción editorial María del Jesús de la Rosa ; ilustración Henry Cid. |
| 250 | _aedición revisada y actualizada | ||
| 260 |
_aSanto Domingo : _bActualidad Escolar, _c2014. |
||
| 300 |
_a2v. : _bil., retrs. ; _c28 cm. |
||
| 500 | _aEdición revisada y actualizada al 2014 | ||
| 500 | _aIncluye el libro del maestro. | ||
| 500 | _aSexto grado, segundo ciclo educación básica | ||
| 505 | 0 |
_gUnidad 1 _tEl diálogo -- _gUnidad 2 -- _tTextos informativos -- _gUnidad 3 -- _tTextos narrativos -- _gUnidad 4 -- _tDescripción y comparación -- _gUnidad 5 -- _tTexto argumentativo -- _gUnidad 6 -- _tTextos expositivos -- _gUnidad 7 -- _tLa comunicación -- _gUnidad 8 -- _tTextos instructivos -- |
|
| 650 | 4 |
_aESPAÑOL _xEDUCACIÓN PRIMARIA |
|
| 650 | 4 |
_aESPAÑOL _xENSEÑANZA BÁSICA |
|
| 650 | 4 |
_aEDUCACIÓN PRIMARIA _zREPÚBLICA DOMINICANA |
|
| 650 | 4 |
_aESPAÑOL _xESTUDIOS Y EJERCICIOS |
|
| 650 | 4 |
_aESPAÑOL _xLIBROS DE TEXTOS |
|
| 700 | 1 |
_aCid, Henry, _eil. |
|
| 700 | 1 |
_aRosa, María del Jesús de la, _eed. |
|
| 700 | 1 |
_aSandoval, Ramón _eil. |
|
| 700 | 1 | _aSánchez Rodríguez, Olimpia | |
| 910 | _aValidado. Control de calidad MFF | ||
| 942 |
_2ddc _cBK |
||
| 945 | _aRemanejado para la BNPHU / 2018 VM | ||
| 956 |
_aLOPEREZ _b10 _c20160415 _lBPMSU _h00041 |
||
| 999 |
_c9791 _d9791 |
||